Catálogo
 En Linea

Desde las islas / (Registro nro. 13094)

Detalles MARC
000 -CABECERA
campo de control de longitud fija 01133nam a2200241 a 4500
001 - NÚMERO DE CONTROL
campo de control 000013470
005 - FECHA Y HORA DE LA ÚLTIMA TRANSACCIÓN
campo de control 20240412074239.0
008 - DATOS DE LONGITUD FIJA--INFORMACIÓN GENERAL
campo de control de longitud fija 091125s2001 mx r 000 p spa d
040 ## - FUENTE DE LA CATALOGACIÓN
Centro catalogador/agencia de origen DO-SdBNP
Lengua de catalogación spa
Centro/agencia transcriptor BNPHU
082 ## - NÚMERO DE LA CLASIFICACIÓN DECIMAL DEWEY
Número de clasificación RD861.44
Número de documento/Ítem M632d
100 1# - ENTRADA PRINCIPAL--NOMBRE DE PERSONA
Nombre de persona Mieses, Juan Carlos,
Fechas asociadas al nombre 1947-
9 (RLIN) 25472
245 10 - MENCIÓN DE TÍTULO
Título Desde las islas /
Mención de responsabilidad, etc. Juan Carlos Mieses; prólogo T. S. Elliot.
260 ## - PUBLICACIÓN, DISTRIBUCIÓN, ETC.
Lugar de publicación, distribución, etc. Chetumal, Quintana Roo :
Nombre del editor, distribuidor, etc. Gobierno del Estado Libre y el Soberano de Quintana Roo,
Fecha de publicación, distribución, etc. 2001.
300 ## - DESCRIPCIÓN FÍSICA
Extensión 79 p. ;
Dimensiones 21 cm.
500 ## - NOTA GENERAL
Nota general III Premio Internacional de Poesía Caribeña ¨Nicolás Guillén¨ 2001. Convocado por la Unión Nacional de Escritores y Artistas de Cuba, el Instituto Quitanarroense de Cultura, el H. Ayuntamiento de Othón Blanco y la Fundación Nicolás Guillén.-- En portada.
500 ## - NOTA GENERAL
Nota general Incluye datos biográficos del autor.
586 ## - NOTA DE PREMIOS
Nota de premios III Premio Internacional de Poesía Caribeña ¨Nicolás Guillén¨, 2001.
590 ## - NOTA LOCAL (RLIN)
Nota local Inventariado, 2018/BT
650 #0 - PUNTO DE ACCESO ADICIONAL DE MATERIA--TÉRMINO DE MATERIA
Término de materia o nombre geográfico como elemento de entrada Poesía dominicana
9 (RLIN) 66
650 #0 - PUNTO DE ACCESO ADICIONAL DE MATERIA--TÉRMINO DE MATERIA
Término de materia o nombre geográfico como elemento de entrada Literatura dominicana.
9 (RLIN) 67
700 1# - PUNTO DE ACCESO ADICIONAL--NOMBRE DE PERSONA
Nombre de persona Elliot, T. S.
9 (RLIN) 30780
910 ## - DATOS DE OPCIÓN DEL USUARIO (OCLC)
Datos de opción del usuario Validado. Control de calidad. MMOLINA
Existencias
Estado de retiro Estado de pérdida Restricciones de uso No para préstamo Código de colección Localización permanente Ubicación/localización actual Ubicación en estantería Fecha de adquisición Número de inventario Total de préstamos Signatura topográfica completa Código de barras Fecha visto por última vez Número de copia Precio válido a partir de Tipo de ítem Koha
        Monografías: Libros y Folletos General General Depósito 25.11.2009 LF1   RD861.44 M632d 13470-30 25.06.2020 e. 3 25.06.2020 Préstamo en sala
      Excluido de préstamo Monografías: Libros y Folletos Patrimonio Dominicano Patrimonio Dominicano Depósito 25.11.2009 LF1   RD861.44 M632d 13470-10 25.06.2020   25.06.2020 No se presta
      Excluido de préstamo Monografías: Libros y Folletos Patrimonio Dominicano Patrimonio Dominicano Depósito 25.11.2009 LF1   RD861.44 M632d 13470-20 25.06.2020 e. 2 25.06.2020 No se presta

Con tecnología Koha